| 000 | 01067nam a22003737a 4500 | ||
|---|---|---|---|
| 001 | 55113 | ||
| 003 | DO-SdBNP | ||
| 005 | 20180326142007.0 | ||
| 007 | 55113 | ||
| 008 | 931105s1992 sp | spa | ||
| 016 | _aBPMSU | ||
| 017 |
_a _b |
||
| 020 | _a8434825600 | ||
| 035 | _a | ||
| 040 |
_aBPMSU _bspa _c BPMSU _e |
||
| 041 | 1 |
_aspa _heng |
|
| 100 | 1 |
_aLobe, Mira, _d1913- |
|
| 240 | 1 | 4 |
_aDas kleine Hokuspokus _lEspañol |
| 245 | 1 | 0 |
_aAbracadabra, pata de cabra / _cMira Lobe ; ilustraciones de Javier Vázquez ; traducción del alemán, Jesús Larriba. _h |
| 250 | _a4ª ed. | ||
| 260 |
_aMadrid : _bSM, _c1992 |
||
| 300 |
_a58 p. ; _bil. : _c24 cm. |
||
| 490 | 1 |
_aEl barco de vapor _v157. |
|
| 490 | 1 |
_aSerie blanca _v25 |
|
| 500 | _aReimp. de la 1ª ed., 1988 | ||
| 503 | _a | ||
| 700 | 1 | 2 |
_aVázquez, Javier _d1959- _eilustrador |
| 700 | 1 | 2 |
_aLarriba, Jesús, _etr. |
| 830 | 0 |
_aEl barco de vapor _v157 |
|
| 830 | 0 |
_aSerie blanca _v25 |
|
| 942 |
_2ddc _cBK |
||
| 945 | _aInventariado, 2018 /LP | ||
| 956 |
_aVMATEO _210 _32010111523 _6BPMSU _800151 |
||
| 999 |
_c8877 _d8877 |
||